00504 2200193 4500001002100000005001500021035002000036008004100056082001300097084001900110100002300129245002100152250001400173260004000187300004500227650001500272650001200287990001100299INLIS00000000000215420251029113806 a0010-0621001754251029 g 0 eng  aR.704.94 aR.704.94 CHR t0 aChristopher McHugh1 aTown And Country aCetakan 1 aNew York :bThomson Learning,c1993 a32 halaman :bIlustrasi [Warna] ;c25 cm 4aSeni Lukis 4aSejarah a018234